00836nam a2200193Ia 4500008004100000020001800041082002600059100005000085245007500135250000700210260002400217300001100241440002500252650010200277740003800379952010300417952010500520999001700625120622s9999 xx 000 0 und d a968-432-357-3 a086.1 S479c v.66 1991 aJiménez Mantecón, Juan Ramón, 1881-1958 aPlatero y yo ; Trescientos poemas : 1903-1953 / Juan Ramón Jiménez a17 aMéxico : Porrúa a220 p. aSepan cuántos ; 66 a1. POESIA ESPAÑOLA \ 2. CUENTOS ESPAÑOLES \ 3. LITERATURA INFANTIL \ 4. LITERATURA ESPAÑOLA aTrescientos poemas : 1903-1953Ì 00104070a01b01d2007-01-25l0o086.1 S479C V.66 1991p01 002307r2012-06-24t2w2012-06-24yLB 00102lcc4070a22b22d2007-01-25l0o086.1 S479C V.66 1991p01 002308r2023-07-18w2012-06-24yLB c55090d55090